[Event "Bayerische EM (allgemein)"]
[Site "Bad Königshofen"]
[Date "2010.08.25"]
[Round "5.5"]
[White "Golda, Harald"]
[Black "Schatz, Christian"]
[Result "1/2-1/2"]
[WhiteElo "2315"]
[BlackElo "2189"]
[PlyCount "96"]
[EventDate "2010.??.??"]
[WhiteTeam "Schachklub Schweinfurt 2000 e.V."]
[BlackTeam "Schachzentrum Fürth 2002"]

1. d4 Nf6 2. Nf3 g6 3. c4 Bg7 4. g3 O-O 5. Bg2 c5 6. O-O d6 7. Nc3 Nc6 8. d5
Na5 9. Nd2 a6 10. Rb1 Bd7 11. b3 b5 12. Qc2 Rb8 $11 13. Bb2 bxc4 14. bxc4 Qc7
15. Nce4 Rxb2 16. Rxb2 Nxe4 17. Bxe4 Ba4 18. Qc1 Bxb2 19. Qxb2 Rb8 20. Qc3 Rb4
21. h4 h5 22. f4 f5 23. Bd3 Nb7 24. a3 Rb6 25. e4 Bd7 26. Qc2 Qc8 27. Re1 Qf8
28. Rb1 Rxb1+ 29. Qxb1 Bc8 30. Nf3 Qg7 31. e5 Qf8 32. Qb6 a5 33. Qc7 Qd8 34.
Qb8 Kg7 35. e6 Qf8 36. Bc2 Qf6 37. Qxc8 Qc3 38. Bd1 Qd3 39. Qxb7 Qxd1+ 40. Kf2
Qc2+ 41. Ke3 Qe4+ 42. Kf2 Qc2+ 43. Ke1 Qe4+ 44. Kd2 Qxf3 45. Qxe7+ Kh6 46. Qf6
Qf2+ 47. Kc3 Qe3+ 48. Kb2 Qd2+ 1/2-1/2

[Event "Bayerische EM (allgemein)"]
[Site "Bad Königshofen"]
[Date "2010.08.25"]
[Round "5.6"]
[White "Jussupow, Alexander"]
[Black "Höfelsauer, Thomas"]
[Result "1/2-1/2"]
[WhiteElo "2112"]
[BlackElo "2186"]
[PlyCount "72"]
[EventDate "2010.??.??"]
[WhiteTeam "SK Krumbach"]
[BlackTeam "Schachklub München Südost e.V."]

1. d4 Nf6 2. Nf3 c5 3. e3 cxd4 4. exd4 d5 5. Bd3 Nc6 6. O-O Bg4 7. c3 e6 8.
Nbd2 Bd6 9. Re1 O-O 10. Nf1 Qc7 11. Ng3 a6 12. h3 Bxf3 13. Qxf3 e5 14. dxe5
Nxe5 15. Qf5 Nxd3 16. Qxd3 Rfe8 17. Bg5 Bxg3 18. fxg3 Ne4 19. Bf4 Qb6+ 20. Kh2
Qxb2 21. Qxd5 Nxc3 22. Qd4 Qa3 23. Be5 Nb5 24. Qg4 Qf8 25. Rad1 f6 26. Bf4 Rxe1
27. Rxe1 Re8 28. Rd1 f5 29. Qg5 h6 30. Qg6 Qf7 31. Qb6 Nc3 32. Rd6 Nd5 33. Qd4
Nxf4 34. Qxf4 Qxa2 35. Qxf5 Qf7 36. Qd3 Re6 1/2-1/2

[Event "Bayerische EM (allgemein)"]
[Site "Bad Königshofen"]
[Date "2010.08.25"]
[Round "5.7"]
[White "Schindler, Viktor"]
[Black "Miskevicer, Boris"]
[Result "1-0"]
[WhiteElo "2139"]
[BlackElo "2216"]
[PlyCount "56"]
[EventDate "2010.??.??"]
[WhiteTeam "PTSV SK Hof 1892"]
[BlackTeam "SG Schwabing München Nord e.V."]

1. e4 c5 2. Nf3 d6 3. c3 Nf6 4. h3 Nc6 5. Bd3 g6 6. Bc2 Bg7 7. d4 cxd4 8. cxd4
O-O 9. O-O Nb4 10. Bb3 d5 11. e5 Ne4 12. Nc3 Nxc3 13. bxc3 Nc6 14. Nh2 Na5 15.
Bc2 f5 16. exf6 exf6 17. f4 Nc4 18. f5 g5 19. h4 h6 20. Qf3 Qd7 21. Ng4 Re8 22.
hxg5 hxg5 23. Kf2 Kf7 24. Rh1 Rf8 25. Nxf6 Bxf6 26. Rh7+ Bg7 27. f6 Qf5 28.
Bxg5 Qxf6 {Zug unleserlich und noch 5 weitere Züge} 1-0

[Event "Bayerische EM (allgemein)"]
[Site "Bad Königshofen"]
[Date "2010.08.25"]
[Round "5.8"]
[White "Hofstetter, Hans-Joachim"]
[Black "Lentrodt, Thomas"]
[Result "0-1"]
[WhiteElo "2197"]
[BlackElo "2340"]
[PlyCount "99"]
[EventDate "2010.??.??"]
[WhiteTeam "SK 1933 Bad Neustadt"]
[BlackTeam "FC Bayern München e.V."]

1. e4 c5 2. Nf3 d6 3. c3 Nf6 4. Bd3 Nc6 5. O-O Bg4 6. h3 Bh5 7. Re1 e6 8. Bf1
Be7 9. d3 h6 10. Nbd2 Qc7 11. Be2 d5 12. exd5 Nxd5 13. d4 Nf4 14. dxc5 Nxe2+
15. Qxe2 Bxc5 16. Qb5 Qb6 17. Qxb6 Bxb6 18. Ne5 Nxe5 19. Rxe5 Bg6 20. Nb3 Bc7
21. Re1 O-O-O 22. Be3 e5 23. f3 b6 24. c4 Kb7 25. c5 Bd3 26. cxb6 axb6 27. Rac1
Bb5 28. Rc3 Rd7 29. a3 Rhd8 30. Rec1 Rd1+ 31. Kf2 Rxc1 32. Nxc1 f5 33. Ke1 f4
34. Bf2 e4 35. fxe4 Bc6 36. g3 Bxe4 37. gxf4 Bxf4 38. Be3 Be5 39. Rb3 Rd6 40.
Ne2 $11 g5 41. Nc3 Bc2 42. Rb4 Bg3+ 43. Ke2 Bd3+ 44. Kf3 Be1 45. Rd4 Rf6+ 46.
Kg2 Bf1+ 47. Kg1 Bxh3 48. Nd5 Rf3 49. Re4 Bg3 50. Re7+ 0-1

[Event "Bayerische EM (allgemein)"]
[Site "Bad Königshofen"]
[Date "2010.08.25"]
[Round "5.9"]
[White "Brychcy, Felix"]
[Black "Heimrath, Reiner"]
[Result "1/2-1/2"]
[WhiteElo "2120"]
[BlackElo "2231"]
[PlyCount "81"]
[EventDate "2010.??.??"]
[WhiteTeam "MSA Zugzwang 82 e.V."]
[BlackTeam "SC Noris-Tarrasch Nürnberg 1873"]

1. d4 Nf6 2. c4 d6 3. g3 Nbd7 4. Bg2 e5 5. Nf3 c6 6. O-O Be7 7. Nc3 O-O 8. b3
e4 9. Ng5 d5 10. cxd5 cxd5 11. f3 exf3 12. Rxf3 Nb8 13. Qd3 h6 14. Rxf6 hxg5
15. Rf2 Be6 16. Qb5 Nc6 17. Nxd5 Bxd5 18. Qxd5 Nxd4 19. e3 Nc6 20. Qxd8 Raxd8
21. Bb2 Bc5 22. Re2 Rfe8 23. Kf1 Rxe3 24. Rc1 Rxe2 25. Kxe2 Bb4 26. Rd1 Re8+
27. Kf1 g4 28. a3 Ba5 29. b4 Bb6 30. Rd7 Ne7 31. Be4 Nc6 32. Bd5 Nd8 33. Bc1
Kf8 34. Bf4 Kg8 35. Bd6 Re3 36. Bc5 Bxc5 37. Rxd8+ Bf8 38. Rd7 Re7 39. Rxb7 g6
40. Kf2 Kg7 41. Rxe7 1/2-1/2

[Event "Bayerische EM (allgemein)"]
[Site "Bad Königshofen"]
[Date "2010.08.25"]
[Round "5.10"]
[White "Kuhn, Tobias"]
[Black "Kleibel, Uwe"]
[Result "1/2-1/2"]
[WhiteElo "2213"]
[BlackElo "2001"]
[PlyCount "37"]
[EventDate "2010.??.??"]
[WhiteTeam "SK 1982 Klingenberg/Main"]
[BlackTeam "SC Ortenburg 1894 e.V."]

1. e4 c6 2. d4 d5 3. Nc3 dxe4 4. Nxe4 Bf5 5. Ng3 Bg6 6. h4 h6 7. Nf3 Nd7 8. h5
Bh7 9. Bd3 Bxd3 10. Qxd3 e6 11. Bf4 Qa5+ 12. Bd2 Bb4 13. c3 Be7 14. c4 Qc7 15.
O-O-O b5 16. cxb5 cxb5+ 17. Kb1 Ngf6 18. Ne4 O-O 19. Rc1 1/2-1/2

[Event "Bayerische EM (allgemein)"]
[Site "Bad Königshofen"]
[Date "2010.08.25"]
[Round "5.11"]
[White "Nuber, Korbinian"]
[Black "Shashkin, Igor"]
[Result "1/2-1/2"]
[WhiteElo "2211"]
[BlackElo "2086"]
[PlyCount "69"]
[EventDate "2010.??.??"]
[WhiteTeam "SC Dillingen"]
[BlackTeam "PTSV SK Hof 1892"]

1. e4 c5 2. Nc3 g6 3. Nf3 Bg7 4. g3 Nc6 5. Bg2 d6 6. O-O e6 7. d3 Nge7 8. Bg5
h6 9. Be3 O-O 10. Qd2 Kh7 11. Ne2 f5 12. c3 Rb8 13. exf5 Nxf5 14. d4 cxd4 15.
Nexd4 Ncxd4 16. Nxd4 Nxe3 17. Qxe3 Qb6 18. Nb3 Qxe3 19. fxe3 Bd7 20. Rfd1 Be5
21. Nc5 Bc8 22. Nd3 Bf6 23. Nf4 g5 24. Nd3 Be7 25. Rf1 Bd7 26. Rxf8 Bxf8 27.
Rd1 Be8 28. Nf2 Bg6 29. Be4 b6 30. g4 Kg7 31. Bxg6 Kxg6 32. Kf1 Kf6 33. Ke2 Ke7
34. Ne4 Rd8 35. h3 1/2-1/2

[Event "Bayerische EM (allgemein)"]
[Site "Bad Königshofen"]
[Date "2010.08.25"]
[Round "5.12"]
[White "Sternheimer, Erhard"]
[Black "Kunz, Konstantin"]
[Result "0-1"]
[WhiteElo "2191"]
[BlackElo "2273"]
[PlyCount "108"]
[EventDate "2010.??.??"]
[WhiteTeam "SC Bad Königshofen 1957"]
[BlackTeam "SC Kitzingen von 1905"]

1. e4 c5 2. Nf3 e6 3. d4 cxd4 4. Nxd4 Nc6 5. Nc3 Qc7 6. Be3 a6 7. Bd3 Nf6 8.
O-O Nxd4 9. Bxd4 Bc5 10. Bxf6 gxf6 11. Kh1 b5 12. Qe2 Bb7 13. a4 b4 14. Nd1 h5
15. c3 h4 16. h3 Qf4 17. Qf3 Qxf3 18. gxf3 f5 19. cxb4 Bxb4 20. Ne3 Bd2 21. Nc4
Bf4 22. Na5 fxe4 23. fxe4 Bc8 24. Ra3 Bc7 25. Nc4 Bb7 26. f3 Ke7 27. Rg1 Rag8
28. Raa1 d5 29. Nd2 Ba5 30. Nb3 Bb6 31. Rg4 dxe4 32. Bxe4 Bxe4 33. fxe4 Rxg4
34. hxg4 Rg8 35. a5 Be3 36. Re1 Ba7 37. Rc1 Kd6 38. e5+ Kxe5 39. Rc7 Be3 40.
Rxf7 Rxg4 41. Rf3 Ke4 42. Rf1 Kd5 43. Re1 Rg3 44. Rd1+ Kc4 45. Rd6 Rg6 46. Na1
Kb5 47. Nb3 Kc4 48. Na1 Rg1+ 49. Kh2 Bf4+ 50. Kxg1 Bxd6 51. Kg2 Kd3 52. Kh3 Be7
53. Nb3 e5 54. Kg4 Kc2 0-1

[Event "Bayerische EM (allgemein)"]
[Site "Bad Königshofen"]
[Date "2010.08.25"]
[Round "5.13"]
[White "Jussupow, Ekaterina"]
[Black "Fischer, Gerd"]
[Result "1-0"]
[WhiteElo "2174"]
[BlackElo "2091"]
[PlyCount "79"]
[EventDate "2010.??.??"]
[WhiteTeam "SK Krumbach"]
[BlackTeam "FC Gunzenhausen 1910 e.V"]

1. e4 Nc6 2. Nf3 e5 3. d4 exd4 4. Nxd4 Bc5 5. Be3 Nxd4 6. Bxd4 Bxd4 7. Qxd4 Qf6
8. e5 Qb6 9. Qc3 Ne7 10. Bc4 O-O 11. Nd2 Qc6 12. Qb3 Ng6 13. O-O-O Nxe5 14. Bd5
Qh6 15. Rde1 d6 16. f4 Qxf4 17. Rhf1 Qh6 18. Bxf7+ Kh8 19. Bd5 Re8 20. Bxb7
Bxb7 21. Qxb7 Rab8 22. Qxa7 c5 23. Qa4 c4 24. Re4 Rec8 25. Ref4 Qxh2 26. Nxc4
Nxc4 27. Qxc4 h6 28. Qd5 Qg3 29. Qf3 Qg5 30. Kb1 Qc5 31. Qd3 Qe5 32. Qd4 Qe2
33. R4f2 Qb5 34. Rf7 Rg8 35. Rh1 Qg5 36. b3 Rgf8 37. Rxf8+ Rxf8 38. Qxd6 Rf2
39. g3 Rg2 40. a4 1-0

[Event "Bayerische EM (allgemein)"]
[Site "Bad Königshofen"]
[Date "2010.08.25"]
[Round "5.14"]
[White "Maurer, Heinrich"]
[Black "Heiduczek, Josef"]
[Result "1-0"]
[WhiteElo "2189"]
[BlackElo "2234"]
[PlyCount "109"]
[EventDate "2010.??.??"]
[WhiteTeam "SK Kelheim 1920"]
[BlackTeam "SC Rottal"]

1. e4 e5 2. Nf3 d6 3. d4 exd4 4. Nxd4 Nf6 5. Nc3 Be7 6. Be2 O-O 7. O-O Re8 8.
f4 Bf8 9. Bf3 c5 10. Nde2 Nc6 11. h3 Bd7 12. a3 Rb8 13. Qd3 b5 14. Nd5 Nxd5 15.
Qxd5 b4 16. axb4 Nxb4 17. Qd2 Qb6 18. c3 Nc6 19. Kh1 Na5 20. Qc2 Nb3 21. Ra3 c4
22. Ra2 Bc6 23. Ng3 Be7 24. Re1 Nxc1 25. Rxc1 Qb7 26. Nf5 Bf8 27. Re1 d5 28. e5
g6 29. Nd4 f6 30. Rxa7 Qxa7 31. Nxc6 Qc5 32. Nxb8 Rxb8 33. Rd1 fxe5 34. Bxd5+
Kh8 35. fxe5 Qe3 36. Bxc4 Qxe5 37. Qd2 Be7 38. Re1 Qc5 39. Qe3 Qxe3 40. Rxe3
Bg5 41. Re2 Bf4 42. g4 Rd8 43. Kg2 Rd2 44. Kf3 Rxe2 45. Bxe2 Bc1 46. b3 Kg7 47.
Ke4 Kf6 48. Kd5 Ke7 49. Bd3 Kf6 50. c4 h5 51. gxh5 gxh5 52. Kd6 Ba3+ 53. c5 h4
54. Be2 Bb4 55. Bg4 1-0

[Event "Bayerische EM (allgemein)"]
[Site "Bad Königshofen"]
[Date "2010.08.25"]
[Round "5.15"]
[White "Rein, Iwan"]
[Black "Weigert, Wilhelm"]
[Result "1-0"]
[WhiteElo "2072"]
[BlackElo "2024"]
[PlyCount "63"]
[EventDate "2010.??.??"]
[WhiteTeam "TS Bayreuth"]
[BlackTeam "SK Kelheim 1920"]

1. d4 g6 2. c4 Bg7 3. Nc3 c5 4. d5 d6 5. e4 Nf6 6. f3 O-O 7. Be3 e6 8. Qd2 exd5
9. cxd5 Re8 10. Nge2 a6 11. a4 Qa5 12. Ra3 Nbd7 13. Nc1 Rb8 14. Be2 Ne5 15. Nb3
Qc7 16. O-O Bd7 17. a5 b5 18. axb6 Rxb6 19. Na5 Reb8 20. Ra2 Rb4 21. h3 c4 22.
f4 Nd3 23. Nxc4 Nc5 24. e5 Nfe4 25. Qc2 Nxc3 26. bxc3 Bf5 27. Qd1 Rb1 28. Qd4
Rxf1+ 29. Bxf1 Nb3 30. Qd1 Bc8 31. Ra3 Nc5 32. Nxd6 1-0

[Event "Bayerische EM (allgemein)"]
[Site "Bad Königshofen"]
[Date "2010.08.25"]
[Round "5.16"]
[White "Kretschel, Klaus"]
[Black "Maugg, Ludwig"]
[Result "1/2-1/2"]
[WhiteElo "2133"]
[BlackElo "2099"]
[PlyCount "62"]
[EventDate "2010.??.??"]
[WhiteTeam "SC Unterpfaffenhofen"]
[BlackTeam "SC Sonthofen"]

1. Nf3 c5 2. g3 Nc6 3. Bg2 g6 4. c4 Bg7 5. O-O e5 6. Nc3 d6 7. d3 Nge7 8. Ne1
Be6 9. Nc2 d5 10. cxd5 Nxd5 11. Ne4 b6 12. Ng5 Bc8 13. Ne3 Nde7 14. Nc4 O-O 15.
Ne4 Be6 16. Bd2 h6 17. a3 Nd5 18. Nc3 Qd7 19. Nxd5 Bxd5 20. Bxd5 Qxd5 21. Ne3
Qd6 22. Rc1 Rad8 23. Bc3 e4 24. Bxg7 Kxg7 25. Rc3 Nd4 26. Kg2 Rfe8 27. Re1 Qc6
28. Kg1 Nb5 29. Rb3 Nd4 30. Rc3 Nb5 31. Rb3 Nd4 1/2-1/2

[Event "Bayerische EM (allgemein)"]
[Site "Bad Königshofen"]
[Date "2010.08.25"]
[Round "5.17"]
[White "Wilfert, André"]
[Black "Jussupow, Nadia"]
[Result "1-0"]
[WhiteElo "2087"]
[BlackElo "2143"]
[PlyCount "89"]
[EventDate "2010.??.??"]
[WhiteTeam "1.FC Marktleuthen"]
[BlackTeam "SK Krumbach"]

1. e4 c5 2. Nf3 g6 3. d4 cxd4 4. Nxd4 Nc6 5. Be2 Bg7 6. Be3 Nf6 7. Nc3 O-O 8.
O-O d5 9. exd5 Nxd5 10. Nxd5 Qxd5 11. Bf3 Qa5 12. Nxc6 bxc6 13. Bxc6 Rb8 14.
Qd5 Qc7 15. Qc5 Ba6 16. b4 Rfc8 17. Ba4 Bxf1 18. Rxf1 Be5 19. f4 Qxc5 20. Bxc5
Bd6 21. Bxd6 exd6 22. a3 Rc3 23. Bb3 Rb5 24. Rd1 d5 25. Rd4 a5 26. Kf2 Kf8 27.
Ke2 axb4 28. axb4 Rc8 29. Kd2 Rd8 30. Ba4 Rb6 31. b5 Ke7 32. Kc3 Re6 33. Kb4
Re4 34. c3 Kd6 35. b6 Rc8 36. Rxe4 dxe4 37. c4 e3 38. Bd1 Re8 39. c5+ Kd7 40.
Be2 Kc8 41. c6 Kb8 42. Kc5 f5 43. Ba6 e2 44. c7+ Ka8 45. b7+ 1-0

[Event "Bayerische EM (allgemein)"]
[Site "Bad Königshofen"]
[Date "2010.08.26"]
[Round "6.1"]
[White "Zill, Christoph"]
[Black "Schmid, Roland"]
[Result "1-0"]
[WhiteElo "2252"]
[BlackElo "2140"]
[PlyCount "55"]
[EventDate "2010.??.??"]
[WhiteTeam "SK Freising"]
[BlackTeam "TSV Wacker Neutraubling"]

1. e4 e6 2. d4 d5 3. Nc3 Bb4 4. e5 c5 5. g3 Bxc3+ 6. bxc3 Ne7 7. Qg4 O-O 8. Bd3
Nbc6 9. Qh5 Ng6 10. Nf3 Qc7 11. Be3 c4 12. Bxg6 fxg6 13. Qg4 Bd7 14. h4 Rf5 15.
h5 gxh5 16. Rxh5 Rxh5 17. Qxh5 Be8 18. Qh3 Nd8 19. Kd2 Bg6 20. Nh4 Qf7 21. g4
h6 22. Nxg6 Qxg6 23. f4 Qe4 24. f5 h5 25. Qxh5 Qg2+ 26. Kc1 Qe2 27. Qe8+ Kh7
28. Kb2 1-0

[Event "Bayerische EM (allgemein)"]
[Site "Bad Königshofen"]
[Date "2010.08.26"]
[Round "6.2"]
[White "Hirn, Oskar"]
[Black "Liepold, Stefan"]
[Result "1/2-1/2"]
[WhiteElo "2246"]
[BlackElo "2235"]
[PlyCount "140"]
[EventDate "2010.??.??"]
[WhiteTeam "SC Noris-Tarrasch Nürnberg 1873"]
[BlackTeam "SC Erlangen 48/88"]

1. d4 d5 2. Nf3 Nf6 3. c4 dxc4 4. e3 e6 5. Bxc4 c5 6. O-O a6 7. a4 Nc6 8. Nc3
cxd4 9. exd4 Be7 10. Be3 O-O 11. d5 exd5 12. Nxd5 Nxd5 13. Bxd5 Bf5 14. a5 Nb4
15. Bb3 Qxd1 16. Rfxd1 Rac8 17. Bb6 Bf6 18. Rd2 Bc2 19. Bxc2 Nxc2 20. Rad1 Bxb2
21. Rd7 Bf6 22. Rxb7 Na3 23. Ra7 Ra8 24. Rb7 Rfb8 25. Rbd7 Nc4 26. g4 h6 27.
Bc7 Rb7 28. Bb6 Rbb8 29. Bc7 Rb7 30. h4 Raa7 31. g5 Rxc7 32. Rxc7 Rxc7 33. gxf6
Nxa5 34. Rd6 Rc6 35. Rd8+ Kh7 36. fxg7 Kxg7 37. Ra8 Nc4 38. Ra7 Rf6 39. Kg2
Rg6+ 40. Kf1 Rd6 41. Ke2 Kf6 42. Rc7 Re6+ 43. Kf1 Nd6 44. Rc5 Ne4 45. Ra5 Ke7
46. Nd4 Nd2+ 47. Kg2 Rg6+ 48. Kh3 Rb6 49. Nf5+ Ke6 50. Nxh6 Nc4 51. Ra4 Ne5 52.
f4 Nd7 53. Kg4 Kf6 54. h5 Kg7 55. Nf5+ Kh7 56. Rd4 Nc5 57. Nd6 Ne6 58. Rd3 Rb4
59. Rf3 Rxf4+ 60. Rxf4 Nxf4 61. Kxf4 a5 62. Nc4 a4 63. Kg5 f6+ 64. Kg4 Kh6 65.
Kh4 Kh7 66. Na3 Kg7 67. Nc2 Kh7 68. Kg4 Kg7 69. Kf5 Kh6 70. Kxf6 Kxh5 1/2-1/2

[Event "Bayerische EM (allgemein)"]
[Site "Bad Königshofen"]
[Date "2010.08.26"]
[Round "6.4"]
[White "Höfelsauer, Thomas"]
[Black "Schindler, Viktor"]
[Result "0-1"]
[WhiteElo "2186"]
[BlackElo "2139"]
[PlyCount "80"]
[EventDate "2010.??.??"]
[WhiteTeam "Schachklub München Südost e.V."]
[BlackTeam "PTSV SK Hof 1892"]

1. e4 c5 2. Nc3 e6 3. f4 d5 4. Nf3 d4 5. Ne2 Nc6 6. d3 f5 7. e5 Nh6 8. h3 Be7
9. g3 Nf7 10. h4 Nh6 11. c3 Qb6 12. cxd4 cxd4 13. Qb3 Bc5 14. Bg2 O-O 15. O-O
Ng4 16. Qxb6 Bxb6 17. Bd2 Rd8 18. Rfc1 a5 19. Nh2 Ne3 20. Bxc6 bxc6 21. Rxc6
Nd5 22. Nf3 Bd7 23. Rcc1 Bb5 24. Ne1 Ne3 25. a4 Be8 26. Bxe3 dxe3 27. Rc4 Bh5
28. Kf1 Rab8 29. Rac1 Ba7 30. R1c2 h6 31. Nc3 g5 32. Nb5 e2+ 33. Kg2 Be3 34.
Nc3 gxf4 35. gxf4 Kh8 36. Nxe2 Rg8+ 37. Kh3 Bf2 38. Ng2 Bf3 39. Nd4 Rg3+ 40.
Kh2 Rxg2+ 0-1

[Event "Bayerische EM (allgemein)"]
[Site "Bad Königshofen"]
[Date "2010.08.26"]
[Round "6.5"]
[White "Lentrodt, Thomas"]
[Black "Golda, Harald"]
[Result "1/2-1/2"]
[WhiteElo "2340"]
[BlackElo "2315"]
[PlyCount "113"]
[EventDate "2010.??.??"]
[WhiteTeam "FC Bayern München e.V."]
[BlackTeam "Schachklub Schweinfurt 2000 e.V."]

1. d4 Nf6 2. c4 e6 3. Nc3 Bb4 4. Qc2 O-O 5. a3 Bxc3+ 6. Qxc3 b6 7. f3 d5 8. Bg5
dxc4 9. Qxc4 Ba6 10. Qc3 Nbd7 11. Qc6 Rc8 12. e4 Nb8 13. Qa4 Bxf1 14. Kxf1 h6
15. Be3 c5 16. dxc5 bxc5 17. Ne2 Qc7 18. Rc1 Nbd7 19. g3 Qb7 20. Rc2 Ne5 21.
Kg2 Rfd8 22. Rf1 Rd3 23. Bxc5 Rb3 24. Nd4 Rxb2 25. Rxb2 Qxb2+ 26. Rf2 Qc1 27.
Rc2 Qe3 28. Bxa7 Rxc2+ 29. Qxc2 Nxf3 30. Nxf3 Qxa7 31. e5 Ng4 32. Kh3 Ne3 33.
Qc8+ Kh7 34. Qc3 Nd5 35. Qd3+ Kg8 36. Kg2 g6 37. Nd2 Qc7 38. Nf3 Kg7 39. Qb3 g5
40. h3 Qc6 41. a4 Nb6 42. a5 Nc4 43. Qc3 Qb5 44. Nd4 Qd5+ 45. Nf3 Nxa5 46. Qd4
Qxd4 47. Nxd4 Nc4 48. Nc6 f6 49. exf6+ Kxf6 50. Kf2 h5 51. Ke2 Nd6 52. Kf3 e5
53. g4 h4 54. Ke3 Ke6 55. Kd3 Ne8 56. Nd8+ Ke7 57. Nc6+ 1/2-1/2

[Event "Bayerische EM (allgemein)"]
[Site "Bad Königshofen"]
[Date "2010.08.26"]
[Round "6.6"]
[White "Schatz, Christian"]
[Black "Lederle, Vitus"]
[Result "1/2-1/2"]
[WhiteElo "2189"]
[BlackElo "2191"]
[PlyCount "47"]
[EventDate "2010.??.??"]
[WhiteTeam "Schachzentrum Fürth 2002"]
[BlackTeam "SC Dillingen"]

1. Nf3 Nc6 2. d4 d5 3. g3 g6 4. c4 Bg7 5. cxd5 Qxd5 6. Nc3 Qd8 7. d5 Nb8 8. Bf4
Nf6 9. Bg2 O-O 10. O-O c6 11. e4 Qa5 12. Nd4 cxd5 13. Nb3 Qd8 14. exd5 Nh5 15.
Be3 Nd7 16. Bd4 Bxd4 17. Qxd4 Ng7 18. Rfe1 Nf5 19. Qf4 Nf6 20. Rac1 Nd6 21. h3
h5 22. Kh2 Bd7 23. Nc5 Bf5 24. Qd4 1/2-1/2

[Event "Bayerische EM (allgemein)"]
[Site "Bad Königshofen"]
[Date "2010.08.26"]
[Round "6.7"]
[White "Lipok, Christoph"]
[Black "Jussupow, Alexander"]
[Result "0-1"]
[WhiteElo "2208"]
[BlackElo "2112"]
[PlyCount "62"]
[EventDate "2010.??.??"]
[WhiteTeam "Spgem Kötz/Ichenhausen"]
[BlackTeam "SK Krumbach"]

1. d4 d5 2. c4 dxc4 3. e3 Nf6 4. Bxc4 e6 5. Nf3 c5 6. Qe2 a6 7. O-O b5 8. Bb3
Bb7 9. Rd1 Nbd7 10. a4 Be7 11. dxc5 Qc7 12. axb5 axb5 13. Rxa8+ Bxa8 14. Nc3 b4
15. Na4 O-O 16. Bd2 Nxc5 17. Nxc5 Qxc5 18. Nd4 Ne4 19. Be1 Rc8 20. Nxe6 fxe6
21. Bxe6+ Kh8 22. Bxb4 Qxb4 23. Bxc8 Qb8 24. Rc1 Bd6 25. Bf5 Bxh2+ 26. Kh1 Bb7
27. Bxe4 Bxe4 28. Qb5 Bb7 29. Rc3 Bd6 30. Rb3 Qc8 31. f4 Qh3+ 0-1

[Event "Bayerische EM (allgemein)"]
[Site "Bad Königshofen"]
[Date "2010.08.26"]
[Round "6.8"]
[White "Heimrath, Reiner"]
[Black "Miskevicer, Boris"]
[Result "1-0"]
[WhiteElo "2231"]
[BlackElo "2216"]
[PlyCount "105"]
[EventDate "2010.??.??"]
[WhiteTeam "SC Noris-Tarrasch Nürnberg 1873"]
[BlackTeam "SG Schwabing München Nord e.V."]

1. e4 c5 2. Nc3 Nc6 3. d3 g6 4. Be3 d6 5. d4 cxd4 6. Bxd4 Nxd4 7. Qxd4 e5 8.
Bb5+ Bd7 9. Bxd7+ Qxd7 10. Qd3 Nf6 11. Nge2 Qc6 12. O-O Be7 13. Rfd1 O-O 14.
Rac1 Rac8 15. g3 a6 16. a3 b5 17. Kg2 Rfd8 18. f3 Bf8 19. h4 Bh6 20. Rb1 Rd7
21. g4 Bg7 22. Rbc1 Ne8 23. Nd5 a5 24. Nec3 Rb8 25. b4 a4 26. Rd2 Bf6 27. Kh3
Bd8 28. Nd1 Bb6 29. Nxb6 Qxb6 30. Ne3 Nc7 31. c4 Rbd8 32. Qc3 Qc6 33. Nd5 Nxd5
34. Rxd5 bxc4 35. Qxc4 Qb6 36. Qc3 f5 37. exf5 gxf5 38. g5 f4 39. Qd2 Rc7 40.
Rxc7 Qxc7 41. Kg2 Kg7 42. Rd3 h6 43. Rc3 Qe7 44. Qc2 hxg5 45. h5 g4 46. Rc7 Rd7
47. Qg6+ Kh8 48. Rc8+ Rd8 49. Rxd8+ Qxd8 50. h6 gxf3+ 51. Kxf3 Qa8+ 52. Kf2
Qa7+ 53. Kf1 1-0

[Event "Bayerische EM (allgemein)"]
[Site "Bad Königshofen"]
[Date "2010.08.26"]
[Round "6.9"]
[White "Kunz, Konstantin"]
[Black "Brychcy, Felix"]
[Result "1-0"]
[WhiteElo "2273"]
[BlackElo "2120"]
[PlyCount "77"]
[EventDate "2010.??.??"]
[WhiteTeam "SC Kitzingen von 1905"]
[BlackTeam "MSA Zugzwang 82 e.V."]

1. d4 d5 2. c4 c6 3. Nf3 Nf6 4. e3 Bf5 5. cxd5 cxd5 6. Nc3 Nc6 7. Ne5 Rc8 8. g4
Bd7 9. h3 e6 10. Bg2 Bb4 11. Bd2 Bxc3 12. Bxc3 Ne4 13. Bxe4 dxe4 14. Nc4 Qe7
15. Nd2 f5 16. Qb3 b6 17. Rg1 Na5 18. Qd1 Nc4 19. Nxc4 Rxc4 20. gxf5 exf5 21.
Qh5+ Qf7 22. Qg5 Rg8 23. Rd1 h6 24. Qf4 Rc8 25. h4 Qd5 26. h5 Kf7 27. a3 Rc6
28. Rg3 a5 29. Kf1 Qc4+ 30. Kg2 Qd5 31. Rg1 g5 32. hxg6+ Rcxg6 33. Kh1 Rxg3 34.
Rxg3 Rxg3 35. Qxg3 Qb3 36. Qh4 Qd1+ 37. Kh2 Qf3 38. d5 Ke8 39. d6 1-0

[Event "Bayerische EM (allgemein)"]
[Site "Bad Königshofen"]
[Date "2010.08.26"]
[Round "6.10"]
[White "Kleibel, Uwe"]
[Black "Jussupow, Ekaterina"]
[Result "0-1"]
[WhiteElo "2001"]
[BlackElo "2174"]
[PlyCount "64"]
[EventDate "2010.??.??"]
[WhiteTeam "SC Ortenburg 1894 e.V."]
[BlackTeam "SK Krumbach"]

1. d4 Nf6 2. c4 e6 3. Nc3 Bb4 4. Qc2 Nc6 5. Nf3 d6 6. g3 O-O 7. Bg2 e5 8. d5 e4
9. dxc6 exf3 10. cxb7 Bxb7 11. Bxf3 Bxf3 12. exf3 Re8+ 13. Kf1 Nd7 14. a3 Ba5
15. f4 Bxc3 16. Qxc3 Nc5 17. Be3 Ne4 18. Qc2 Qd7 19. Re1 Qc6 20. Rg1 Nf6 21. h3
Re4 22. c5 Rae8 23. Bd2 dxc5 24. Rxe4 Nxe4 25. Be3 c4 26. Ke2 Qb5 27. Kf3 Qc6
28. Ke2 c3 29. bxc3 Nxc3+ 30. Ke1 Rd8 31. f3 Qxf3 32. Qxc3 Rd1# 0-1

[Event "Bayerische EM (allgemein)"]
[Site "Bad Königshofen"]
[Date "2010.08.26"]
[Round "6.11"]
[White "Maurer, Heinrich"]
[Black "Kuhn, Tobias"]
[Result "0-1"]
[WhiteElo "2189"]
[BlackElo "2213"]
[PlyCount "76"]
[EventDate "2010.??.??"]
[WhiteTeam "SK Kelheim 1920"]
[BlackTeam "SK 1982 Klingenberg/Main"]

1. e4 c5 2. Nf3 Nc6 3. d4 cxd4 4. Nxd4 g6 5. c4 Bg7 6. Be3 Nf6 7. Nc3 d6 8. Be2
O-O 9. O-O Bd7 10. Rc1 Nxd4 11. Bxd4 Bc6 12. f3 a5 13. b3 Re8 14. Qd2 Nd7 15.
Bxg7 Kxg7 16. Kh1 Nc5 17. Rcd1 Qb6 18. Rb1 Rad8 19. a3 e5 20. Qb2 Ne6 21. f4 f6
22. f5 Nf4 23. g3 Nh3 24. Bg4 Ng5 25. Rbe1 Qd4 26. Qc2 a4 27. b4 Qxc4 28. h4
Nxe4 29. Rxe4 Bxe4+ 30. Qxe4 Qxf1+ 31. Kh2 gxf5 32. Bxf5 d5 33. Qg4+ Kh8 34.
Qh5 Re7 35. Nxa4 Rg7 36. g4 Qf2+ 37. Kh3 Ra8 38. Nc3 Qf3+ 0-1

[Event "Bayerische EM (allgemein)"]
[Site "Bad Königshofen"]
[Date "2010.08.26"]
[Round "6.12"]
[White "Hofstetter, Hans-Joachim"]
[Black "Rein, Iwan"]
[Result "1-0"]
[WhiteElo "2197"]
[BlackElo "2072"]
[PlyCount "61"]
[EventDate "2010.??.??"]
[WhiteTeam "SK 1933 Bad Neustadt"]
[BlackTeam "TS Bayreuth"]

1. e4 e6 2. d4 d5 3. Nd2 Nf6 4. e5 Nfd7 5. Bd3 c5 6. c3 Nc6 7. Ne2 cxd4 8. cxd4
f6 9. exf6 Nxf6 10. O-O Bd6 11. Nf3 Qc7 12. Bg5 O-O 13. Bh4 Bd7 14. Bg3 Nh5 15.
Bxd6 Qxd6 16. Qc2 Nf6 17. a3 Rac8 18. Qd2 Ng4 19. h3 Rxf3 20. hxg4 Rxd3 21.
Qxd3 e5 22. Qg3 Rf8 23. Rac1 Qe6 24. dxe5 Qxe5 25. Qxe5 Nxe5 26. Rc7 Bb5 27.
Rxb7 a6 28. Rc1 Bxe2 29. Re1 Re8 30. Rxe2 Nf3+ 31. Kf1 1-0

[Event "Bayerische EM (allgemein)"]
[Site "Bad Königshofen"]
[Date "2010.08.26"]
[Round "6.13"]
[White "Shashkin, Igor"]
[Black "Wilfert, André"]
[Result "1/2-1/2"]
[WhiteElo "2086"]
[BlackElo "2087"]
[PlyCount "50"]
[EventDate "2010.??.??"]
[WhiteTeam "PTSV SK Hof 1892"]
[BlackTeam "1.FC Marktleuthen"]

1. e4 c5 2. c3 d5 3. exd5 Qxd5 4. d4 cxd4 5. cxd4 Nc6 6. Nf3 Bg4 7. Be2 e6 8.
Nc3 Bb4 9. O-O Bxc3 10. bxc3 Nge7 11. Be3 O-O 12. h3 Bh5 13. Qa4 Qa5 14. Qxa5
Nxa5 15. g4 Bg6 16. Ne5 Rac8 17. Rac1 Nd5 18. Bd2 Nc6 19. Nxg6 hxg6 20. Be3 e5
21. Bf3 exd4 22. Bxd4 Nxd4 23. cxd4 Nf4 24. Kh2 b6 25. Kg3 g5 1/2-1/2